00457nam a22001457a 450000500170000000800410001702000220005804100080008008200110008810000630009924500610016225000230022326000550024630000100030120251126060737.0251126b |||||||| |||| 00| 0 eng d a978-93-91208-59-2 aeng a615.32 aZAGEER, DR. DHEAA SHAMIKH AND HANTOOSH, DR. SUNDS FADHIL  aTEXTBOOK OF PARACETAMOL A MAGIC DRUG BUT WITH ADVERSITY  aRE. PRINT ED. 2025 aNEW DELHI bINNOVATIVE PUBLICATIONS PVT LTD c2025 a194;P